000 00499nam a2200133Ia 4500
008 100328s9999 xx 000 0 und d
082 _b70718
100 _aबागूल चारुदत्त.
245 _aखंडणी (पोलीस तपास सत्यकथा).
260 _bपायल.
630 _aखंडणी (पोलीस तपास सत्यकथा).
730 _aखंडणी (पोलीस तपास सत्यकथा).
942 _cBOOK
999 _c556443
_d556440